<?xml version="1.0" encoding="UTF-8"?>
<record
    xmlns:xsi="http://www.w3.org/2001/XMLSchema-instance"
    xsi:schemaLocation="http://www.loc.gov/MARC21/slim http://www.loc.gov/standards/marcxml/schema/MARC21slim.xsd"
    xmlns="http://www.loc.gov/MARC21/slim">

  <leader>00460nam a22001577a 4500</leader>
  <controlfield tag="005">20251120122042.0</controlfield>
  <controlfield tag="008">251120b        |||||||| |||| 00| 0 eng d</controlfield>
  <datafield tag="020" ind1=" " ind2=" ">
    <subfield code="a">979-8-88715-068-0</subfield>
  </datafield>
  <datafield tag="100" ind1=" " ind2=" ">
    <subfield code="a">GREENWOOD, JASMIN O.</subfield>
  </datafield>
  <datafield tag="245" ind1=" " ind2=" ">
    <subfield code="a">POST HARVEST FOOD GRAIN STORAGE</subfield>
  </datafield>
  <datafield tag="260" ind1=" " ind2=" ">
    <subfield code="a">DUBLIN</subfield>
    <subfield code="b">ORYSON PRESS</subfield>
    <subfield code="c">2023</subfield>
  </datafield>
  <datafield tag="300" ind1=" " ind2=" ">
    <subfield code="a">VI, 258P.</subfield>
  </datafield>
  <datafield tag="500" ind1=" " ind2=" ">
    <subfield code="a">INCLUDES INDEX</subfield>
  </datafield>
  <datafield tag="650" ind1=" " ind2=" ">
    <subfield code="a">1. GRAIN -STORAGE 2. FOOD - STORAGE 3. POSTHARVEST TECHNOLOGY</subfield>
  </datafield>
  <datafield tag="942" ind1=" " ind2=" ">
    <subfield code="2">lcc</subfield>
    <subfield code="c">BK</subfield>
  </datafield>
  <datafield tag="999" ind1=" " ind2=" ">
    <subfield code="c">216232</subfield>
    <subfield code="d">216232</subfield>
  </datafield>
  <datafield tag="952" ind1=" " ind2=" ">
    <subfield code="0">0</subfield>
    <subfield code="1">0</subfield>
    <subfield code="2">lcc</subfield>
    <subfield code="4">0</subfield>
    <subfield code="6">SB0208 G74  02023</subfield>
    <subfield code="7">0</subfield>
    <subfield code="8">SCT</subfield>
    <subfield code="9">373495</subfield>
    <subfield code="a">KSUL</subfield>
    <subfield code="b">KSUL</subfield>
    <subfield code="c">DISPLAY</subfield>
    <subfield code="d">2025-11-20</subfield>
    <subfield code="i">109957</subfield>
    <subfield code="l">0</subfield>
    <subfield code="o">SB 208 .G74 2023</subfield>
    <subfield code="p">000000000717</subfield>
    <subfield code="r">2025-11-20 12:22:34</subfield>
    <subfield code="t">C.1</subfield>
    <subfield code="w">2025-11-20</subfield>
    <subfield code="y">BK</subfield>
  </datafield>
  <datafield tag="952" ind1=" " ind2=" ">
    <subfield code="0">0</subfield>
    <subfield code="1">0</subfield>
    <subfield code="2">lcc</subfield>
    <subfield code="4">0</subfield>
    <subfield code="6">SB0208 G74  02023</subfield>
    <subfield code="7">0</subfield>
    <subfield code="8">SCT</subfield>
    <subfield code="9">373496</subfield>
    <subfield code="a">KSUL</subfield>
    <subfield code="b">KSUL</subfield>
    <subfield code="c">DISPLAY</subfield>
    <subfield code="d">2025-11-20</subfield>
    <subfield code="i">109958</subfield>
    <subfield code="l">0</subfield>
    <subfield code="o">SB 208 .G74 2023</subfield>
    <subfield code="p">000000000716</subfield>
    <subfield code="r">2025-11-20 12:22:00</subfield>
    <subfield code="t">C.2</subfield>
    <subfield code="w">2025-11-20</subfield>
    <subfield code="y">BK</subfield>
  </datafield>
  <datafield tag="952" ind1=" " ind2=" ">
    <subfield code="0">0</subfield>
    <subfield code="1">0</subfield>
    <subfield code="2">lcc</subfield>
    <subfield code="4">0</subfield>
    <subfield code="6">SB0208 G74  02023</subfield>
    <subfield code="7">0</subfield>
    <subfield code="8">SCT</subfield>
    <subfield code="9">373497</subfield>
    <subfield code="a">KSUL</subfield>
    <subfield code="b">KSUL</subfield>
    <subfield code="c">DISPLAY</subfield>
    <subfield code="d">2025-11-20</subfield>
    <subfield code="i">109959</subfield>
    <subfield code="l">0</subfield>
    <subfield code="o">SB 208 .G74 2023</subfield>
    <subfield code="p">000000000715</subfield>
    <subfield code="r">2025-11-20 12:22:00</subfield>
    <subfield code="t">C.3</subfield>
    <subfield code="w">2025-11-20</subfield>
    <subfield code="y">BK</subfield>
  </datafield>
  <datafield tag="952" ind1=" " ind2=" ">
    <subfield code="0">0</subfield>
    <subfield code="1">0</subfield>
    <subfield code="2">lcc</subfield>
    <subfield code="4">0</subfield>
    <subfield code="6">SB0208 G74  02023</subfield>
    <subfield code="7">0</subfield>
    <subfield code="8">SCT</subfield>
    <subfield code="9">373498</subfield>
    <subfield code="a">KSUL</subfield>
    <subfield code="b">KSUL</subfield>
    <subfield code="c">DISPLAY</subfield>
    <subfield code="d">2025-11-20</subfield>
    <subfield code="i">109960</subfield>
    <subfield code="l">0</subfield>
    <subfield code="o">SB 208 .G74 2023</subfield>
    <subfield code="p">000000000822</subfield>
    <subfield code="r">2025-11-20 12:22:00</subfield>
    <subfield code="t">C.4</subfield>
    <subfield code="w">2025-11-20</subfield>
    <subfield code="y">BK</subfield>
  </datafield>
</record>
